000 01037cam a22003134a 4500
001 13659992
003 OSt
005 20161007134927.0
008 040720s2005 paua 001 0 eng
010 _a 2004048961
020 _a0781755719
035 _a(DNLM)101224974
040 _aDNLM/DLC
_cDLC
_dDLC
042 _apcc
050 0 0 _aQM601
_b.S215 2005
060 1 0 _aQS 604
_bS126L 2005
082 0 0 _aQS604 S15l 2005
_222
100 1 _aSadler, T. W.
_9436
245 1 0 _aLangman's Essential Medical Embryology
260 _aPhiladelphia :
_bLippincott Williams & Wilkins,
_cc2005.
300 _aix,150p;
_bcol.ill:
_c28 cm.
_e1 CD-ROM
504 _aIncludes index.
650 0 _aMedical Embryology
_9204
650 0 _aHuman Development
_95810
856 4 2 _3Publisher description
_uhttp://www.loc.gov/catdir/enhancements/fy0712/2004048961-d.html
856 4 1 _3Table of contents only
_uhttp://www.loc.gov/catdir/enhancements/fy0829/2004048961-t.html
906 _a7
_bcbc
_corignew
_d1
_eocip
_f20
_gy-gencatlg
942 _2z
_cB_BANK
999 _c166
_d166